000 01034nam a2200277Ia 4500
003 OSt
005 20221005103549.0
006 a|||||r|||| 00| 0
007 ta
008 221004b |||||||| |||| 00| 0 san d
020 _a9789381954331 (hbk)
_c800
024 _a2434
037 _b359, 11/01/2013, Eastern Book Linkers
_cTextual
040 _aCRL
_cCRL
_bsan
041 _2san
_asan
082 _aDelta2:864xKKA,1, Q3
100 _aकालिदास
245 0 _aउत्तरकालामृत
246 _aUttarakālāmṛuta
260 _aजयपुर
_bहंसा प्रकाशन भारत
_c2013
300 _a303पृ0
_ccm.
650 _aआध्यात्मिक अनुभव और रहस्यवाद
700 _a शर्मा, गणपति लाल
942 _hDelta2:864xKKA,1, Q3
_cTEXL
_2cc
999 _c1010300
_d1010300